| 000 | 00382pab a2200157 454500 | ||
|---|---|---|---|
| 008 | 180718b2008 xxu||||| |||| 00| 0 eng d | ||
| 100 | _aNatharaj, P.S. Vijaya | ||
| 245 | _aRights of disabled persons: vision and mission | ||
| 260 | _c2008 | ||
| 300 | _ap.393-98. | ||
| 362 | _aOct-Dec | ||
| 650 | _aDisabled persons | ||
| 773 | _aSocial Action | ||
| 908 | _aN | ||
| 909 | _a80121 | ||
| 999 |
_c80121 _d80121 |
||